00298nam a22000977a 4500008004100000082002400041245004100065260005300106300000900159440003200168230623b xxu||||| |||| 00| 0 eng d a330.96005bJAE 2006 aAfrican Economic Research Consortium bCentre for the Study of African Economies c2006 a140p n1pSupplementv15x09638024